000 00756cam a22002657a 4500
003 CHAP
005 20220329135608.0
008 971013s1987 r 00010 d
010 _a39070
011 _a40042
035 _a44167
040 _cCHAP
082 _a582.13
_bH3
100 0 0 _aHayward, John.
_953218
245 1 2 _aA new key to wild flowers
260 _aCambridge :
_bCambridge University Press,
_c1987
300 _a278 p.
_b: ilus.
590 _aBATCH-UPD
_b10
_c20130110
_lUCH01
_h1613
590 _aCONVERSION
_b10
_c20130109
_lUCH01
_h1322
650 1 4 _aAngiospermas.
_95797
650 1 4 _aFlores silvestres.
_941744
901 _aBK
942 _cLIBRO
949 _a582.13 H3
_bBC
_cC
_d33724000493367
_eC
_gI.175799
_h87676
_i44167
_si
_t195.09
999 _c39070
_d39070